Az adatvédelem általános kérdései és megvalósítási lehetőségei, adatvédelem gyakorlata a Knorr-Bremse Fékrendszerek Kft.-nél

Bibliographic Details
Main Author: Farkas Dániel Tibor
Other Authors: Kovács Dr. Endre
Format: Final Paper
Kulcsszavak:Adatvédelem
Knorr-Bremse
Munkahely
Online Access:http://dolgozattar.uni-bge.hu/11634

MARC

LEADER 00000nta a2200000 i 4500
001 dolg11634
005 20170517150137.0
008 170517suuuu hu o 000 hun d
040 |a BGE Dolgozattár Repozitórium  |b hun 
041 |a hu 
100 1 |a Farkas Dániel Tibor 
245 1 3 |a Az adatvédelem általános kérdései és megvalósítási lehetőségei, adatvédelem gyakorlata a Knorr-Bremse Fékrendszerek Kft.-nél  |c Farkas Dániel Tibor  |h [elektronikus dokumentum] 
516 |a Final_paper 
695 |a Adatvédelem 
695 |a Knorr-Bremse 
695 |a Munkahely 
700 1 |a Kovács Dr. Endre  |e ths 
856 4 0 |u http://dolgozattar.uni-bge.hu/11634/1/Farkas-Daniel_R14QQH_Adatvedelem_Knorr-Bremse.pdf  |z Dokumentum-elérés 
856 4 0 |u http://dolgozattar.uni-bge.hu/11634/2/ext-farkasd_2017-05-16_10-08-47.pdf  |z Dokumentum-elérés